[Event "TCh-ESP Div 1 2016"]
[Site "Linares ESP"]
[Date "2016.08.23"]
[Round "4"]
[Board "2"]
[White "Oliva Castaneda, Kevel"]
[Black "Guerra Bastida, Diego"]
[Result "1-0"]
[WhiteTitle "IM"]
[BlackTitle "IM"]
[WhiteElo "2491"]
[BlackElo "2322"]
[WhiteTeam "C.A. SILLA"]
[BlackTeam "UNIVERSIDAD DE VIGO"]
[WhiteFideId "3500799"]
[BlackFideId "2201089"]
[EventDate "2016.08.20"]

1. d4 Nf6 2. c4 g6 3. f3 c5 4. d5 d6 5. e4 Bg7 6. Ne2 O-O 7. Nec3 e6 8. Bg5 h6
9. Be3 exd5 10. cxd5 a6 11. a4 Re8 12. Na3 Nh7 13. Bd3 f5 14. Nc4 Bd4 15. Bxd4
cxd4 16. Ne2 fxe4 17. Bxe4 Qh4+ 18. g3 Qf6 19. Qxd4 Bh3 20. Qxf6 Nxf6 21. Nxd6
Re7 22. Kf2 a5 23. Nf4 Ra6 24. Nb5 Nxe4+ 25. fxe4 Rxe4 26. Nxh3 Rf6+ 27. Kg1 Re2
28. Nc3 Rxb2 29. Rb1 Rc2 30. Ne4 Rf5 31. Nhf2 Nd7 32. Kg2 Nc5 33. Rhc1 1-0

[Event "TCh-ESP Div 1 2016"]
[Site "Linares ESP"]
[Date "2016.08.23"]
[Round "4"]
[Board "3"]
[White "Rodriguez Lopez, Rafael"]
[Black "Granero Roca, Antonio"]
[Result "1/2-1/2"]
[WhiteTitle "IM"]
[BlackTitle "IM"]
[WhiteElo "2270"]
[BlackElo "2417"]
[WhiteTeam "UNIVERSIDAD DE VIGO"]
[BlackTeam "C.A. SILLA"]
[WhiteFideId "2204495"]
[BlackFideId "2210509"]
[EventDate "2016.08.20"]

1. d4 Nf6 2. c4 c5 3. d5 b5 4. cxb5 a6 5. bxa6 g6 6. Nc3 Bxa6 7. Nf3 d6 8. e4
Bxf1 9. Kxf1 Nbd7 10. g3 Bg7 11. Kg2 O-O 12. a4 Ng4 13. Qe2 Qb6 14. Nd2 Ngf6 15.
Nb5 Rfb8 16. Nc4 Qd8 17. Bd2 Ne8 18. Bc3 Bxc3 19. bxc3 Nc7 20. Nxc7 Qxc7 21. a5
Qb7 22. Qd3 Qa6 23. Rhb1 Rxb1 24. Rxb1 Kf8 25. Qf1 Ke8 26. f3 Kd8 27. Kf2 h5 28.
Qe2 Kc7 29. f4 f6 30. h4 Ra7 31. Qa2 Ra8 32. Qa4 Rb8 33. Nb6 Nxb6 34. Qc6+ Kd8
35. Rxb6 Rxb6 36. axb6 Qd3 37. Qa8+ Kd7 38. Qa4+ Kd8 39. Qa8+ Kd7 40. Qa4+ Kd8
41. Qa8+ 1/2-1/2

[Event "TCh-ESP Div 1 2016"]
[Site "Linares ESP"]
[Date "2016.08.23"]
[Round "4"]
[Board "4"]
[White "Garcia Trobat, Francisco"]
[Black "Padeiro, Jose"]
[Result "0-1"]
[WhiteTitle "FM"]
[BlackTitle "FM"]
[WhiteElo "2238"]
[BlackElo "2285"]
[WhiteTeam "C.A. SILLA"]
[BlackTeam "UNIVERSIDAD DE VIGO"]
[WhiteFideId "2200678"]
[BlackFideId "1901311"]
[EventDate "2016.08.20"]

1. d4 d5 2. c4 c6 3. Nf3 Nf6 4. Nc3 dxc4 5. a4 Bf5 6. e3 e6 7. Bxc4 Bb4 8. O-O
Nbd7 9. Qb3 Qb6 10. e4 Bg4 11. Ne5 Nxe5 12. dxe5 Nd7 13. h3 Bh5 14. Be3 Bc5 15.
Bxe6 Bxe3 16. Bxd7+ Kxd7 17. Nb5 Bc5 18. Rad1+ Kc8 19. e6 Bxd1 20. Rxd1 cxb5 21.
exf7 a6 22. a5 Qc6 23. Qg3 Rf8 24. Qxg7 Kb8 25. Rc1 Ka7 26. b4 Bxf2+ 27. Kxf2
Qd7 28. Qh6 Rxf7+ 29. Kg1 Qd4+ 30. Kh1 Raf8 0-1

[Event "TCh-ESP Div 1 2016"]
[Site "Linares ESP"]
[Date "2016.08.23"]
[Round "4"]
[Board "1"]
[White "Glavina, Pablo"]
[Black "Grandelius, Nils"]
[Result "1/2-1/2"]
[WhiteTitle "IM"]
[BlackTitle "GM"]
[WhiteElo "2378"]
[BlackElo "2641"]
[WhiteTeam "STADIUM CASABLANCA"]
[BlackTeam "CAC BENIAJAN - DUOCHESS"]
[WhiteFideId "100234"]
[BlackFideId "1710400"]
[EventDate "2016.08.20"]

1. e4 c5 2. c3 Nf6 3. e5 Nd5 4. d4 cxd4 5. Nf3 e6 6. cxd4 b6 7. Nc3 Nxc3 8. bxc3
Qc7 9. Bd2 Bb7 10. Bd3 Be7 11. O-O d6 12. Re1 Nd7 13. Bf4 O-O 14. Ng5 Bxg5 15.
Bxg5 dxe5 16. dxe5 Nxe5 17. Bf4 f6 18. Qh5 g6 19. Bxe5 fxe5 20. Qxe5 Qxe5 21.
Rxe5 Rac8 22. Rxe6 Rxc3 23. Rd6 Rfc8 24. f3 Kf8 25. Kf2 R8c5 26. Re1 Rd5 27.
Rde6 Rdxd3 28. Re8+ Kg7 29. R1e7+ Kh6 30. Rxb7 Rd2+ 31. Kg3 Rcc2 32. Ree7 Rxg2+
33. Kf4 Rc4+ 34. Ke3 Rxa2 35. Rxh7+ Kg5 36. Rxa7 Rc3+ 37. Ke4 Re2+ 38. Kd4 Rxf3
39. h4+ Kg4 40. Rag7 Rf6 41. Rh6 Ree6 42. Kc4 Kf5 43. Kb5 Re1 44. Rh8 Rb1+ 45.
Kc4 b5+ 46. Kc5 b4 47. Rb7 b3 48. Rhb8 Kg4 49. Rb4+ Kg3 50. Kd5 Rf5+ 51. Ke6 Rf3
52. R8b5 Kf2 53. Kd5 Ke2 54. Rb6 Rg3 55. Ke5 Kd2 56. Kf4 Rh3 57. Kg4 Rc3 58.
Rxg6 b2 59. Rgb6 Kc2 60. Kh5 Rc8 61. Kh6 Rh8+ 62. Kg7 Rc8 63. Rxb2+ Rxb2 64.
Rxb2+ Kxb2 65. h5 Kc3 66. h6 Kd4 67. h7 Ke5 68. h8=Q Rxh8 69. Kxh8 1/2-1/2

[Event "TCh-ESP Div 1 2016"]
[Site "Linares ESP"]
[Date "2016.08.23"]
[Round "4"]
[Board "2"]
[White "Mchedlishvili, Mikheil"]
[Black "Villuendas Valero, Adrian"]
[Result "1-0"]
[WhiteTitle "GM"]
[BlackTitle "FM"]
[WhiteElo "2609"]
[BlackElo "2329"]
[WhiteTeam "CAC BENIAJAN - DUOCHESS"]
[BlackTeam "STADIUM CASABLANCA"]
[WhiteFideId "13600966"]
[BlackFideId "2262460"]
[EventDate "2016.08.20"]

1. c4 d6 2. Nc3 e5 3. Nf3 f5 4. g3 Be7 5. Bg2 Nf6 6. O-O O-O 7. d4 e4 8. Ng5 c6
9. d5 Na6 10. Nh3 Nc7 11. Nf4 g5 12. Nh3 h6 13. f3 exf3 14. exf3 c5 15. b3 Bd7
16. Bb2 Qe8 17. Re1 Qf7 18. Qd2 Rfe8 19. Nf2 Bf8 20. Ne2 Bg7 21. b4 Na6 22. a3
b5 23. f4 g4 24. Nc3 cxb4 25. Rxe8+ Nxe8 26. axb4 Nxb4 27. Nxb5 Bxb5 28. cxb5
Bxb2 29. Qxb2 Qf6 30. Qb1 a5 31. Ra3 Ng7 32. Qd1 Qb2 33. Rb3 Qc2 34. Bf1 Rb8 35.
Ra3 Qc5 36. Rxa5 Nxd5 37. Ra6 Nb6 38. Qa1 Rf8 39. Qa5 Rb8 40. Qa1 Rf8 41. Ra2
Ne6 42. Rd2 h5 43. Qd1 d5 44. Bg2 Rd8 45. Qe1 Ng7 46. Bf1 Nc4 47. Bxc4 Qxc4 48.
Rb2 Re8 49. Qd1 Kh7 50. b6 Rb8 51. b7 Qc6 52. Qb1 Qc5 53. Rb5 Qc4 54. Kg2 Qc3
55. Qb3 d4 56. Qd5 Qe3 57. Rb3 Qe7 58. Rb6 Qe3 59. Rb3 Qe7 60. h3 Qe6 61. Qxe6
Nxe6 62. Nd3 Kg7 63. hxg4 hxg4 64. Rb6 Nd8 65. Nc5 Kf7 66. Kf2 1-0

[Event "TCh-ESP Div 1 2016"]
[Site "Linares ESP"]
[Date "2016.08.23"]
[Round "4"]
[Board "3"]
[White "Gomez Anadon, Daniel"]
[Black "Ibarra Jerez, Jose Carlos"]
[Result "0-1"]
[WhiteTitle "FM"]
[BlackTitle "GM"]
[WhiteElo "2221"]
[BlackElo "2563"]
[WhiteTeam "STADIUM CASABLANCA"]
[BlackTeam "CAC BENIAJAN - DUOCHESS"]
[WhiteFideId "2218151"]
[BlackFideId "2226332"]
[EventDate "2016.08.20"]

1. c4 e5 2. g3 Nf6 3. Bg2 c6 4. d4 exd4 5. Qxd4 Na6 6. Nf3 Bc5 7. Qe5+ Be7 8.
O-O O-O 9. Nc3 Re8 10. Qf4 Bb4 11. Rd1 Nc5 12. Nd4 d5 13. cxd5 Bxc3 14. bxc3
Nxd5 15. Qf3 Qa5 16. Bd2 Qa6 17. Be1 Bd7 18. Nb3 Nxb3 19. axb3 Qxe2 20. Qxe2
Rxe2 21. c4 Nf6 22. Kf1 Rc2 23. Rd4 h6 24. Rad1 Re8 25. R1d2 Rc1 26. Rd1 Rxd1
27. Rxd1 Bf5 28. Rd4 Ng4 29. h3 Nh2+ 30. Kg1 Rxe1+ 31. Kxh2 Kf8 32. g4 Bc8 33.
c5 Ke7 34. b4 g5 35. Kg3 Rc1 36. Be4 a5 37. bxa5 Rxc5 38. Ra4 Kd6 39. h4 Kc7 40.
Ra3 Kb8 41. f3 Ka7 42. h5 Be6 43. Rd3 Bd5 44. Bxd5 Rxd5 45. Re3 Rd4 46. Re5 Rf4
47. Kf2 b5 48. axb6+ Kxb6 49. Ke3 Rf6 50. Ke2 c5 51. Re8 Kb5 52. Rb8+ Kc4 53.
Rc8 Kd4 54. Rd8+ Kc3 55. Rd3+ Kb4 56. Re3 Rd6 57. Re7 Rf6 58. Re3 c4 59. Kd2 Ra6
60. Re7 Ra2+ 61. Ke3 f6 62. Re6 Ra8 63. Rxf6 Re8+ 64. Kd4 Rd8+ 65. Ke4 c3 66.
Kf5 Rd5+ 67. Ke4 Rc5 68. Rb6+ Kc4 69. Rb1 c2 70. Rh1 Kc3 71. f4 gxf4 72. Kxf4
Kb2 0-1

[Event "TCh-ESP Div 1 2016"]
[Site "Linares ESP"]
[Date "2016.08.23"]
[Round "4"]
[Board "4"]
[White "Pardo Simon, David"]
[Black "Cortes Lizano, Jesus"]
[Result "1/2-1/2"]
[WhiteTitle "IM"]
[WhiteElo "2492"]
[BlackElo "2159"]
[WhiteTeam "CAC BENIAJAN - DUOCHESS"]
[BlackTeam "STADIUM CASABLANCA"]
[WhiteFideId "2296276"]
[BlackFideId "2260808"]
[EventDate "2016.08.20"]

1. d4 d5 2. c4 c6 3. Nf3 Nf6 4. Nc3 a6 5. c5 Nbd7 6. Bf4 Nh5 7. Bg5 h6 8. Bd2
Nhf6 9. Bf4 g5 10. Bg3 Bg7 11. e3 Nh5 12. Be5 f6 13. Bg3 Nxg3 14. hxg3 e5 15. g4
O-O 16. Be2 Qe7 17. Qc2 e4 18. Nh2 f5 19. gxf5 Rxf5 20. Ng4 Qf8 21. f3 exf3 22.
gxf3 Nf6 23. Ne5 Qe8 24. O-O-O Rxe5 25. dxe5 Qxe5 26. Qd2 Qe7 27. e4 Be6 28. Qe3
dxe4 29. fxe4 Nd7 30. Rd6 Be5 31. Kb1 Bxd6 32. cxd6 Qf6 33. Bd3 Kg7 34. Ne2 Bg4
35. Ng3 Ne5 36. Be2 Nd7 37. Bd3 Qxd6 38. Be2 Be6 39. Bc4 Re8 40. Bxe6 Qxe6 41.
Qd4+ Qf6 42. Qe3 Qe6 43. Qd4+ Kh7 44. Qd1 1/2-1/2

[Event "TCh-ESP Div 1 2016"]
[Site "Linares ESP"]
[Date "2016.08.24"]
[Round "5"]
[Board "1"]
[White "Grandelius, Nils"]
[Black "Granda Zuniga, Julio E"]
[Result "1/2-1/2"]
[WhiteTitle "GM"]
[BlackTitle "GM"]
[WhiteElo "2641"]
[BlackElo "2672"]
[WhiteTeam "CAC BENIAJAN - DUOCHESS"]
[BlackTeam "AJEDREZ COLLADO VILLALBA"]
[WhiteFideId "1710400"]
[BlackFideId "3800024"]
[EventDate "2016.08.20"]

1. e4 e5 2. Nf3 Nf6 3. Nxe5 d6 4. Nf3 Nxe4 5. d4 Be7 6. Bd3 Nf6 7. h3 O-O 8. O-O
Re8 9. c4 Nbd7 10. Nc3 Nf8 11. Bf4 Ng6 12. Bh2 c6 13. Qd2 a5 14. Rfe1 Bd7 15.
Re3 Bf8 16. Rxe8 Bxe8 17. Re1 Qb6 18. Qc2 Qa7 19. Ne4 Nxe4 20. Bxe4 Bd7 21. Bf5
b6 22. Bg3 Rd8 23. Bd3 Re8 24. Rxe8 Bxe8 25. h4 Be7 26. h5 Nf8 27. Qe2 Qd7 28.
d5 c5 29. Nd2 f6 30. Ne4 Bf7 31. h6 Ng6 32. hxg7 Ne5 33. Bxe5 fxe5 34. Ng3 Bg6
35. Qf3 Kxg7 36. Nf5+ Kh8 37. Nh6 Kg7 38. Bxg6 hxg6 39. Qg4 Qxg4 40. Nxg4 e4 41.
Kf1 g5 42. Ke2 Kg6 43. Ke3 Kf5 44. f3 exf3 45. Kxf3 a4 46. b3 Bf8 47. Nf2 axb3
48. axb3 Bg7 49. g4+ Ke5 50. Ke3 Bf8 51. Nd3+ Kf6 52. Ke4 Be7 53. Ne1 Kg6 54.
Kd3 Bf6 55. Nf3 Kf7 56. Nd2 Be5 57. Ne4 Bf4 58. Nc3 Kf6 59. Na4 Ke5 60. Nxb6 Bc1
61. Nc8 Bb2 62. Ke3 Bc1+ 63. Kd3 Bb2 64. Ke3 Kf6 65. Kd3 Ke5 1/2-1/2

[Event "TCh-ESP Div 1 2016"]
[Site "Linares ESP"]
[Date "2016.08.24"]
[Round "5"]
[Board "2"]
[White "Vazquez Igarza, Renier"]
[Black "Mchedlishvili, Mikheil"]
[Result "1/2-1/2"]
[WhiteTitle "GM"]
[BlackTitle "GM"]
[WhiteElo "2589"]
[BlackElo "2609"]
[WhiteTeam "AJEDREZ COLLADO VILLALBA"]
[BlackTeam "CAC BENIAJAN - DUOCHESS"]
[WhiteFideId "3503054"]
[BlackFideId "13600966"]
[EventDate "2016.08.20"]

1. d4 d5 2. Nf3 Nf6 3. c4 c6 4. Nc3 dxc4 5. a4 e6 6. e3 c5 7. Bxc4 Nc6 8. O-O
cxd4 9. exd4 Be7 10. Qe2 O-O 11. Rd1 Nb4 12. Ne5 Bd7 13. Bb3 Bc6 14. Bf4 Nfd5
15. Bg3 Rc8 16. h3 Bh4 17. Nxc6 Rxc6 18. Nxd5 Nxd5 19. Bxh4 Qxh4 20. Bxd5 exd5
21. Ra3 Rc4 22. Rg3 g6 23. Qe5 Qd8 24. b3 Rc6 25. Re3 Re6 26. Qf4 Rxe3 27. Qxe3
Re8 28. Qc3 Re6 29. Re1 Rxe1+ 30. Qxe1 Qd6 31. Qe3 Qd8 32. b4 1/2-1/2

[Event "TCh-ESP Div 1 2016"]
[Site "Linares ESP"]
[Date "2016.08.24"]
[Round "5"]
[Board "3"]
[White "Ibarra Jerez, Jose Carlos"]
[Black "Moreno Ruiz, Javier"]
[Result "1/2-1/2"]
[WhiteTitle "GM"]
[BlackTitle "IM"]
[WhiteElo "2563"]
[BlackElo "2438"]
[WhiteTeam "CAC BENIAJAN - DUOCHESS"]
[BlackTeam "AJEDREZ COLLADO VILLALBA"]
[WhiteFideId "2226332"]
[BlackFideId "2203146"]
[EventDate "2016.08.20"]

1. e4 e6 2. d4 d5 3. Nc3 Bb4 4. Ne2 Nc6 5. a3 Ba5 6. b4 Bb6 7. Bb2 Nge7 8. g3 e5
9. dxe5 Nxe5 10. Nf4 Ng4 11. Nd3 O-O 12. Be2 Nf6 13. Nxd5 Nexd5 14. exd5 Qxd5
15. O-O Bf5 16. Bf3 Be4 17. Bxe4 Qxe4 18. Bxf6 gxf6 19. Re1 Qf5 20. Kg2 Rfd8 21.
Qf3 Qxf3+ 22. Kxf3 a5 23. Rab1 axb4 24. axb4 Ra3 25. Re2 Kg7 26. Kg4 Rd5 27. h4
f5+ 28. Kh3 Rc3 29. Ra1 Rd4 30. Kg2 Re4 31. Rd2 Rd4 1/2-1/2

[Event "TCh-ESP Div 1 2016"]
[Site "Linares ESP"]
[Date "2016.08.24"]
[Round "5"]
[Board "4"]
[White "Ortega Ruiz, Jose Miguel"]
[Black "Pardo Simon, David"]
[Result "0-1"]
[WhiteTitle "FM"]
[BlackTitle "IM"]
[WhiteElo "2278"]
[BlackElo "2492"]
[WhiteTeam "AJEDREZ COLLADO VILLALBA"]
[BlackTeam "CAC BENIAJAN - DUOCHESS"]
[WhiteFideId "2209713"]
[BlackFideId "2296276"]
[EventDate "2016.08.20"]

1. d4 f5 2. g3 Nf6 3. Bg2 g6 4. c3 Bg7 5. h4 e6 6. Nh3 d6 7. Qb3 c6 8. Bf4 Nh5
9. Bg5 Qd7 10. e4 fxe4 11. Bxe4 O-O 12. Nd2 d5 13. Bf3 Qf7 14. O-O-O e5 15. dxe5
Nd7 16. e6 Qxe6 17. Bxh5 gxh5 18. Be3 Qf5 19. Nf4 Ne5 20. Qc2 Bh6 21. Nb3 Qxc2+
22. Kxc2 Bf5+ 23. Kd2 Bg4 24. Rdf1 Rae8 25. Kc2 Bf5+ 26. Kd1 Bxf4 27. gxf4 Nd3
28. Rhg1+ Bg6 29. Nd4 c5 30. Nb5 Nxb2+ 31. Kd2 Nc4+ 32. Kc1 b6 33. Nc7 Re7 34.
Nxd5 Rd7 35. Rd1 Kg7 36. f5 Rxf5 37. Nf4 Re7 38. Rg3 Kf7 39. Rdg1 Rxf4 40. Bxf4
Re2 41. Kd1 Rxf2 42. Bc1 Rxa2 43. Rf3+ Ke6 44. Re1+ Kd5 45. Re7 Bc2+ 0-1

[Event "TCh-ESP Div 1 2016"]
[Site "Linares ESP"]
[Date "2016.08.24"]
[Round "5"]
[Board "1"]
[White "Petkov, Vladimir"]
[Black "Glavina, Pablo"]
[Result "1-0"]
[WhiteTitle "GM"]
[BlackTitle "IM"]
[WhiteElo "2497"]
[BlackElo "2378"]
[WhiteTeam "C.A. SILLA"]
[BlackTeam "STADIUM CASABLANCA"]
[WhiteFideId "2901188"]
[BlackFideId "100234"]
[EventDate "2016.08.20"]

1. Nf3 d5 2. d4 e6 3. c4 c6 4. Nc3 dxc4 5. a4 Bb4 6. e3 b5 7. Bd2 a5 8. axb5
Bxc3 9. Bxc3 cxb5 10. b3 Bb7 11. bxc4 b4 12. Bb2 Nf6 13. Bd3 O-O 14. O-O Nbd7
15. Re1 Be4 16. Bf1 Qc7 17. Nd2 Bb7 18. Bd3 e5 19. Bc2 Rfe8 20. h3 Re7 21. Ba4
Bc6 22. c5 Qb7 23. Bxc6 Qxc6 24. Qa4 Qxa4 25. Rxa4 exd4 26. Bxd4 Nb8 27. Nb3 Nc6
28. Bxf6 gxf6 29. Rd1 Re4 30. Rd6 Re6 31. Rd7 Re4 32. Rc7 Ra6 33. Rb7 Re8 34.
Kf1 Kf8 35. Ke2 Rd8 36. g4 Ke8 37. f4 Rd5 38. Rb5 Rd8 39. h4 h6 40. h5 Kf8 41.
Nd2 Ra7 42. Rb6 Ne7 43. Rbxb4 Nd5 44. Rb3 Rc8 45. Ne4 Re7 46. Nd6 Rxc5 47. Kf3
Kg8 48. Rb8+ Kh7 49. Ne4 Rxe4 50. Kxe4 1-0

[Event "TCh-ESP Div 1 2016"]
[Site "Linares ESP"]
[Date "2016.08.24"]
[Round "5"]
[Board "2"]
[White "Villuendas Valero, Adrian"]
[Black "Oliva Castaneda, Kevel"]
[Result "0-1"]
[WhiteTitle "FM"]
[BlackTitle "IM"]
[WhiteElo "2329"]
[BlackElo "2491"]
[WhiteTeam "STADIUM CASABLANCA"]
[BlackTeam "C.A. SILLA"]
[WhiteFideId "2262460"]
[BlackFideId "3500799"]
[EventDate "2016.08.20"]

1. d4 d5 2. Bf4 Nf6 3. e3 c5 4. c3 Nc6 5. Nd2 cxd4 6. exd4 Bf5 7. Ngf3 e6 8. Qb3
Qc8 9. h3 h6 10. Be2 Be7 11. O-O O-O 12. Ne5 Nd7 13. Ndf3 Nb6 14. Nxc6 bxc6 15.
Qd1 c5 16. Bd3 Bxd3 17. Qxd3 c4 18. Qc2 a5 19. Rae1 a4 20. a3 Nd7 21. Re2 Nf6
22. Ne5 Ra6 23. Rfe1 Bd6 24. Bc1 Qb7 25. Nf3 Qb3 26. Qd1 Rb8 27. Nd2 Qxd1 28.
Rxd1 Rab6 29. Nf3 Ne4 30. Rc2 Rb3 31. Re1 Nf6 32. Ree2 R3b6 33. Re1 Nd7 34. Kf1
Nf8 35. Ne5 f6 36. Nf3 g5 37. g3 Kf7 38. Kg2 Ng6 39. Rd1 Bc7 40. h4 gxh4 41.
Nxh4 Nxh4+ 42. gxh4 Rg8+ 43. Kf3 h5 44. Be3 Rg4 45. Rh1 Rb8 46. Re2 Kg6 47. Bc1
Kf5 48. Be3 Rbg8 49. Ree1 Bf4 50. Rh3 Rb8 51. Re2 Bc7 52. Rh1 Rd8 53. Ree1 Rdg8
54. Rd1 Bf4 55. Rh3 Bxe3 56. Kxe3 Re4+ 57. Kd2 Rf4 58. Ke3 Rgg4 59. f3 Rxh4 60.
Rdh1 Rxh3 61. Rxh3 h4 62. Rh1 e5 63. Rh2 e4 64. fxe4+ Rxe4+ 65. Kf3 Rf4+ 66. Ke3
Kg5 67. Rh1 Rg4 68. Kf3 Rg3+ 69. Kf2 Kg4 70. Re1 h3 0-1

[Event "TCh-ESP Div 1 2016"]
[Site "Linares ESP"]
[Date "2016.08.24"]
[Round "5"]
[Board "3"]
[White "Granero Roca, Antonio"]
[Black "Gomez Anadon, Daniel"]
[Result "1-0"]
[WhiteTitle "IM"]
[BlackTitle "FM"]
[WhiteElo "2417"]
[BlackElo "2221"]
[WhiteTeam "C.A. SILLA"]
[BlackTeam "STADIUM CASABLANCA"]
[WhiteFideId "2210509"]
[BlackFideId "2218151"]
[EventDate "2016.08.20"]

1. d4 d5 2. c4 e6 3. Nf3 Nf6 4. Nc3 c6 5. Bg5 Nbd7 6. e3 Qa5 7. Nd2 Bb4 8. Qc2
O-O 9. Be2 c5 10. O-O cxd4 11. Nb3 Qb6 12. Nxd4 Bxc3 13. bxc3 dxc4 14. Rab1 Qc7
15. Bh4 Nb6 16. Nb5 Qc5 17. Bg3 e5 18. Qb2 Bf5 19. Qb4 Qxb4 20. Rxb4 Nfd5 21.
Rb2 Na4 22. Rd2 Ndxc3 23. Nxc3 Nxc3 24. Bxc4 Ne4 25. Rb2 Nxg3 26. fxg3 Be4 27.
Rbf2 Bg6 28. Bd5 Rab8 29. g4 Rbd8 30. Bxb7 Rd7 31. Bc6 Rd6 32. Ba4 Rc8 33. Bb3
Rc7 34. h4 Rdd7 35. Be6 Re7 36. Bd5 Bd3 37. Rd1 e4 38. Rdd2 h6 39. Rb2 Rc1+ 40.
Kh2 Re1 41. Bxf7+ Kh7 42. h5 g5 43. hxg6+ Kg7 44. Rb8 h5 45. g5 1-0

[Event "TCh-ESP Div 1 2016"]
[Site "Linares ESP"]
[Date "2016.08.24"]
[Round "5"]
[Board "4"]
[White "Cortes Lizano, Jesus"]
[Black "Garcia Trobat, Francisco"]
[Result "1-0"]
[BlackTitle "FM"]
[WhiteElo "2159"]
[BlackElo "2238"]
[WhiteTeam "STADIUM CASABLANCA"]
[BlackTeam "C.A. SILLA"]
[WhiteFideId "2260808"]
[BlackFideId "2200678"]
[EventDate "2016.08.20"]

1. e4 c5 2. c3 Nf6 3. e5 Nd5 4. d4 cxd4 5. Nf3 e6 6. cxd4 d6 7. Bc4 Nc6 8. O-O
Be7 9. Qe2 O-O 10. Rd1 Re8 11. h3 a6 12. Bxd5 exd5 13. Nc3 dxe5 14. dxe5 d4 15.
Qe4 f5 16. Qf4 g5 17. Qg3 g4 18. Be3 Bc5 19. hxg4 fxg4 20. Ne4 Qe7 21. Bg5 Qg7
22. Nf6+ Kf7 23. Qf4 Qg6 24. Nh4 Rxe5 25. Nd7+ Rf5 26. Nxf5 Bxd7 27. Nh4+ 1-0

[Event "TCh-ESP Div 1 2016"]
[Site "Linares ESP"]
[Date "2016.08.24"]
[Round "5"]
[Board "1"]
[White "Rakhmanov, Aleksandr"]
[Black "Garcia Castro, Pablo"]
[Result "1-0"]
[WhiteTitle "GM"]
[BlackTitle "IM"]
[WhiteElo "2641"]
[BlackElo "2356"]
[WhiteTeam "ESCOLA D'ESCACS DE BARCELONA"]
[BlackTeam "UNIVERSIDAD DE VIGO"]
[WhiteFideId "4173708"]
[BlackFideId "2209365"]
[EventDate "2016.08.20"]

1. Nf3 g6 2. e4 d6 3. d4 Bg7 4. c3 Nf6 5. Bd3 O-O 6. O-O Nc6 7. d5 Nb8 8. c4 e6
9. dxe6 Bxe6 10. Nd4 Bd7 11. Nc3 Nc6 12. Nxc6 bxc6 13. Bg5 h6 14. Bh4 Qb8 15.
Rb1 Qb4 16. f3 Nh5 17. Be1 Qc5+ 18. Bf2 Qg5 19. Ne2 f5 20. Kh1 f4 21. c5 Be5 22.
Bc4+ Kh7 23. Qd2 Rad8 24. cxd6 cxd6 25. Rfd1 d5 26. exd5 Bf5 27. Rbc1 cxd5 28.
Bxd5 Nf6 29. h4 Qh5 30. Nxf4 Bxf4 31. Qxf4 Rxd5 32. Rxd5 Nxd5 33. Qd6 Rc8 34.
Rxc8 Bxc8 35. g4 1-0

[Event "TCh-ESP Div 1 2016"]
[Site "Linares ESP"]
[Date "2016.08.24"]
[Round "5"]
[Board "2"]
[White "Guerra Bastida, Diego"]
[Black "Peralta, Fernando"]
[Result "0-1"]
[WhiteTitle "IM"]
[BlackTitle "GM"]
[WhiteElo "2322"]
[BlackElo "2587"]
[WhiteTeam "UNIVERSIDAD DE VIGO"]
[BlackTeam "ESCOLA D'ESCACS DE BARCELONA"]
[WhiteFideId "2201089"]
[BlackFideId "105309"]
[EventDate "2016.08.20"]

1. c4 e6 2. Nf3 d5 3. e3 Nf6 4. Nc3 c5 5. d4 a6 6. cxd5 exd5 7. Be2 Nc6 8. O-O
Bd6 9. dxc5 Bxc5 10. b3 O-O 11. Bb2 Ba7 12. Rc1 Re8 13. Na4 Ne4 14. Nd4 Ne5 15.
f3 Nf6 16. Qd2 Qe7 17. Rfe1 Bd7 18. Kh1 h5 19. Bc3 Bxa4 20. bxa4 Qd7 21. a5 Rac8
22. Bd3 Nxd3 23. Qxd3 Bb8 24. Nf5 Be5 25. Bxe5 Rxe5 26. Rxc8+ Qxc8 27. Nd4 Re7
28. Nf5 Rc7 29. h3 g6 30. Nd4 Rc3 31. Qd2 Qc7 32. Nb3 Rc4 33. Rd1 Qe5 34. Nd4
Qe7 35. Rb1 Qc7 36. Nb3 h4 37. Rd1 Rc2 38. Rc1 Rxd2 39. Rxc7 Rd1+ 40. Kh2 Nh5
41. Rc1 Rd3 42. Rc8+ Kg7 43. e4 Ng3 44. exd5 Rd1 45. Rc1 Rxd5 46. Rc5 Rd7 47.
Rc1 g5 48. Rb1 Rd5 49. Kg1 f5 50. Kf2 f4 51. Rc1 Kf6 52. Rc5 Rd1 53. Rc1 Rd5 54.
Rc5 Rd1 55. Rc1 Rxc1 56. Nxc1 Ke5 57. Nb3 Nf5 58. Nd2 Nd6 59. Nb3 Kd5 60. Ke2
Kc4 61. Nd2+ Kd4 62. Nb3+ Kc4 63. Nd2+ Kb4 64. Ne4 Nf7 65. Kd3 Kxa5 66. Kd4 Kb4
67. Kd5 a5 68. Ke6 Nh6 69. Nxg5 Ka3 70. Ne4 Kxa2 71. Kd5 a4 72. Kc4 Kb2 73. Nc5
a3 74. Nd3+ Kb1 75. Nxf4 a2 76. Ne2 a1=Q 77. Kd5 0-1

[Event "TCh-ESP Div 1 2016"]
[Site "Linares ESP"]
[Date "2016.08.24"]
[Round "5"]
[Board "3"]
[White "Narciso Dublan, Marc"]
[Black "Rodriguez Lopez, Rafael"]
[Result "1-0"]
[WhiteTitle "GM"]
[BlackTitle "IM"]
[WhiteElo "2482"]
[BlackElo "2270"]
[WhiteTeam "ESCOLA D'ESCACS DE BARCELONA"]
[BlackTeam "UNIVERSIDAD DE VIGO"]
[WhiteFideId "2201500"]
[BlackFideId "2204495"]
[EventDate "2016.08.20"]

1. d4 Nf6 2. c4 e6 3. Nc3 Bb4 4. Qc2 c5 5. dxc5 O-O 6. Nf3 Na6 7. g3 Nxc5 8. Bg2
Nce4 9. O-O Nxc3 10. bxc3 Be7 11. e4 d6 12. e5 dxe5 13. Nxe5 Bd6 14. Re1 Qc7 15.
Qe2 Nd7 16. Bf4 Bxe5 17. Bxe5 Nxe5 18. Qxe5 Qxc4 19. Red1 f6 20. Qa5 a6 21. Rab1
Qg4 22. Rd8 Qg6 23. Rbd1 1-0

[Event "TCh-ESP Div 1 2016"]
[Site "Linares ESP"]
[Date "2016.08.24"]
[Round "5"]
[Board "4"]
[White "Padeiro, Jose"]
[Black "Matnadze, Ana"]
[Result "0-1"]
[WhiteTitle "FM"]
[BlackTitle "IM"]
[WhiteElo "2285"]
[BlackElo "2355"]
[WhiteTeam "UNIVERSIDAD DE VIGO"]
[BlackTeam "ESCOLA D'ESCACS DE BARCELONA"]
[WhiteFideId "1901311"]
[BlackFideId "13601377"]
[EventDate "2016.08.20"]

1. d4 Nf6 2. c4 e6 3. Nc3 Bb4 4. e3 Nc6 5. Nf3 d5 6. Bd3 a6 7. O-O dxc4 8. Bxc4
O-O 9. a3 Bd6 10. e4 e5 11. d5 Ne7 12. h3 Ng6 13. Re1 Bd7 14. Be3 b5 15. Ba2 a5
16. Qc2 Qc8 17. Kh2 b4 18. Ne2 Nxe4 19. Qxe4 Bf5 20. Qc4 e4+ 21. g3 exf3 22. Ng1
Ne5 23. Qd4 bxa3 24. Bb1 axb2 25. Qxb2 Rb8 26. Bxf5 Qxf5 27. Qd4 Rb4 28. Qd1 h5
29. Ra4 Ng4+ 30. hxg4 hxg4 31. Nxf3 gxf3 32. Rxb4 Bxb4 33. Rh1 Rd8 34. Bf4 Qh5+
35. Kg1 Qxd5 36. Qxd5 Rxd5 37. Bxc7 Rd1+ 38. Kh2 Rxh1+ 39. Kxh1 a4 0-1